| 000 | 00394nam a2200157Ia 4500 | ||
|---|---|---|---|
| 008 | 230312s9999||||xx |||||||||||||| ||und|| | ||
| 020 | _a1-4051-5554-0 | ||
| 082 |
_a307.76 _bCHE-I |
||
| 100 | _aChen;Xiengming | ||
| 245 | 0 | _aIntroduction to Cities | |
| 260 |
_bWiley-Blackwell _aIndia _c2013 |
||
| 300 | _a382 | ||
| 546 | _aEng. | ||
| 650 |
_aArchitecture _vIntroduction to Cities |
||
| 942 | _cBK | ||
| 999 |
_c8245 _d8245 |
||